Finite groups and quantum theory /
Guardado en:
| Autor Principal: | |
|---|---|
| Formato: | Libro |
| Idioma: | English |
| Publicado: |
Malabar, Fla. :
Robert E. Krieger,
1982, c1974.
|
| Edición: | Reprint 1982 (with corrections). |
| Materias: | |
| Etiquetas: |
Agregar Etiqueta
Sin Etiquetas, Sea el primero en etiquetar este registro!
|
| LEADER | 01334pam a2200241 a 4500 | ||
|---|---|---|---|
| 001 | MAT.inmabb003692 | ||
| 008 | 811104r19821974flua#####b####001#0#eng## | ||
| 005 | 20160210123820.0 | ||
| 245 | 1 | 0 | |a Finite groups and quantum theory / |c D. B. Chesnut. |
| 250 | |a Reprint 1982 (with corrections). | ||
| 260 | |a Malabar, Fla. : |b Robert E. Krieger, |c 1982, c1974. | ||
| 300 | |a xiii, 254 p. : |b il. ; |c 24 cm. | ||
| 500 | |a Publicado originalmente: New York : Wiley, 1974. | ||
| 504 | |a Bibliografía: p. 249-250. | ||
| 505 | 0 | |a 1. Sets -- 2. Groups -- 3. The partitioning and factoring of groups -- 4. Mapping and groups -- 5. Permutation groups -- 6. Vectors, matrices, and transformations: a review -- 7. Representations and their construction -- 8. Irreducible representations -- 9. The character -- 10. The transformation of functions and coordinates -- 11. Projection operators and symmetry adapted functions -- 12. Group theory and quantum mechanics -- 13. Matrix elements and symmetry considerations -- 14. The permutation symmetry of wave functions -- 15. Orbital approaches to chemical bonding. | |
| 020 | |a 0898744687 | ||
| 100 | 1 | |a Chesnut, D. B., |d 1932- | |
| 650 | 0 | |a Finite groups. | |
| 650 | 0 | |a Quantum theory. | |
| 084 | |a 81R05 |2 msc2000 | ||
| 010 | |a 81019351 | ||
| 040 | |a DLC |c DLC |d DLC | ||
| 859 | |h 81 |i C524 |p A-7117 |b BIB. MATEMATICA | ||
